1297 1888 1737 1613 1604 1215 1630 1094 1406 1937 1735 1345 1100 1269 1480 1040 1375 1965 1029 1679 1988 1524 1724 1406 1825 1171 1243 1037 1442 1549 1890 1700 1516 1376 1241 1178 1950 1847 1320 1803 1596 1704 1492 1183 1048 1856 1321 1202 1219 1383 1634 1690 1264 1257 1790 1729 1034 1224 1175 1460 1140 1162 1872 1300 1944 1552 1244 1162 1779 1092 1479 1954 1255 1040 1586 1654 1816 1189 1182 1779 1171 1704 1572 1924 1285 1919 1837 1278 1049 1522 1818 1363 1993 1321 1041 1300 1430 1628 1871 BCNSPRNW ULIB Ver.6.0+V

เปลี่ยนเป็นภาษาไทย

Change to English
 แสดงรายละเอียดบรรณานุกรม
  กลับหน้าหลัก

Brief Record : Get Marc (ISO 2709) : E-mail record : QR code < ปิดหน้าต่าง
LEADER : 00000nam 2200000uu 4500
001    13399126800
003     ULIB
008    190306s2561||||th 000 0 tha d
020 ^  ^a9786163660565
050  0 ^aนว^bน473พ
100 0  ^aนายตะวัน.
245 1  ^aเพลงรักปีศาจ ชุดซีรีส์ราชสีห์ /^cนายตะวัน.
250 ^  ^aพิมพ์ครั้งที่ 1.
260 ^  ^aกรุงเทพฯ :^bแสงจันทร์นวล,^c2561.
300 ^  ^a500 หน้า ;^c19 ซม.
490 0  ^aราชสีห์ ;^v9
945    ^p370^l0^i27295
999    ^aกัณชพร จุลอักษร
รายการนี้ยังไม่มีแท็ก
คุณยังไม่ได้ล็อกอิน คุณสามารถมีกิจกรรมร่วมกับเว็บไซต์ได้ แต่ต้องล็อกอินก่อน ::
  ล็อกอิน

รายการสื่อสารสนเทศ

ลำดับที่ ประเภท เลขเรียก/บาร์โค้ด สถานที่ สถานะ
1. วิทยาศาสตร์การแพทย์ และสุขภาพ
วิทยาศาสตร์การแพทย์ และสุขภาพ
นว น473พ ฉ.1 
  Barcode: 27295
ห้องสมุดวิทยาเขตสวรรค์ประชารักษ์
►นวนิยาย
บนชั้น
  ขอยืม

รายการใกล้เคียง
    ผู้แต่ง [นายตะวัน.]

BibComment


ยังไม่เคยถูกคอมเมนท์

คอมเมนท์ทรัพยากรรายการนี้
  คอมเมนท์: เพลงรักปีศาจ ชุด..


 Copyright 2026. Bcnsprnw @Library